000
00299nam a22001337a 4500
008
181107b xxu||||| |||| 00| 0 eng d
020
_a
0132904527
041
_a
eng
080
_2
2nd
_a
330
100
_a
58
101
_a
BIZ
245
_a
Ethical Theory Business
_c
Beauchamp,T.L
942
_2
udc
_c
BK
999
_c
52091
_d
52091